| 000 | 00638nab#a2200205#c#4500 | ||
|---|---|---|---|
| 999 |
_c87994 _d87994 |
||
| 003 | IEF | ||
| 005 | 20191205105300.0 | ||
| 008 | 950704s1976 uuu|| #####0 b| |u | ||
| 040 |
_aIEF _cES-MaIEF |
||
| 100 | 1 |
_aSoler Amaro, Ramón _941804 |
|
| 245 |
_aMecanización de la contabilidad general _bEspecial referencia al Plan General de Contabilidad _c Ramón Soler Amaro |
||
| 260 | _c1976 | ||
| 650 | 4 |
_aCONTABILIDAD _940740 |
|
| 650 | 4 |
_aPLAN GENERAL DE CONTABILIDAD PUBLICA _948019 |
|
| 650 | 4 |
_aAUTOMATIZACION _932253 |
|
| 773 | 0 |
_tHacienda pública española _w34570 _g39, p. 151-168 |
|
| 942 | _2udc | ||
| 942 | _2udc | ||